Французский язык для студентов магистратуры (Запись № 11826644)

Подробности
000 -МАРКЕР
контрольное поле 02194nam0a2200349 4500
001 - ИДЕНТИФИКАТОР ЗАПИСИ
контрольное поле RU\NLR\BIBL_A\011791871
005 - ИДЕНТИФИКАТОР ВЕРСИИ
контрольное поле 20181106150738.0
010 ## - МЕЖДУНАРОДНЫЙ СТАНДАРТНЫЙ НОМЕР КНИГИ (ISBN)
Номер (ISBN) 978-5-8149-2593-0
Тираж 50
021 ## - НОМЕР ГОСУДАРСТВЕННОЙ РЕГИСТРАЦИИ
Код страны Российская Федерация
Номер КН-П-18-058998
Номер Листа государственной регистраци КН-П-18-4247
035 ## - ДРУГИЕ СИСТЕМНЫЕ НОМЕРА
Идентификатор записи (NLR Aleph) 011791871
035 ## - ДРУГИЕ СИСТЕМНЫЕ НОМЕРА
Идентификатор записи (RuMoRGB)009692543
100 ## - ДАННЫЕ ОБЩЕЙ ОБРАБОТКИ
Данные общей обработки 20180913d2018 u y0rusy50 ca
101 0# - ЯЗЫК РЕСУРСА
Язык текста, звукозаписи и т.д. русский
-- французский
102 ## - СТРАНА ПУБЛИКАЦИИ ИЛИ ПРОИЗВОДСТВА
Страна публикации Российская Федерация
105 ## - ПОЛЕ КОДИРОВАННЫХ ДАННЫХ: ТЕКСТОВЫЕ МАТЕРИАЛЫ, МОНОГРАФИЧЕСКИЕ
Кодированные данные о монографическом текстовом документе y|||j|||000zy
200 1# - ЗАГЛАВИЕ И СВЕДЕНИЯ ОБ ОТВЕТСТВЕННОСТИ
Основное заглавие Французский язык для студентов магистратуры
Параллельное заглавие Le français pour les mastèrs
Сведения, относящиеся к заглавию учебное пособие
-- [по дисциплине "Иностранный язык в профессиональной сфере"]
Первые сведения об ответственности Т. Н. Шарапова, Т. В. Cоколова
Последующие сведения об ответственности Минобрнауки России, Федеральное государственное бюджетное образовательное учреждение высшего образования "Омский государственный технический университет"
Язык параллельного заглавия французский
210 ## - ПУБЛИКАЦИЯ, РАСПРОСТРАНЕНИЕ И ДР.
Место издания, распространения и т.д. Омск
Имя издателя, распространителя и т. д. Изд-во ОмГТУ
Дата издания, распространения и т.д. 2018
215 ## - ФИЗИЧЕСКАЯ ХАРАКТЕРИСТИКА
Специфическое обозначение материала и объем 131 с.
Размеры 21
320 ## - ПРИМЕЧАНИЯ О НАЛИЧИИ В ДОКУМЕНТЕ БИБЛИОГРАФИИ / УКАЗАТЕЛЯ
Текст примечания Библиогр.: с. 105 (7 назв.)
510 1# - ПАРАЛЛЕЛЬНОЕ ЗАГЛАВИЕ
Связь между полями z73790
Параллельное заглавие Français pour les Mastèrs
Язык заглавия французский
606 1# - НАИМЕНОВАНИЕ ТЕМЫ КАК ПРЕДМЕТ
Наименование темы Французский язык
Формальный подзаголовок Учебные издания для высших учебных заведений
Код системы nlr_sh2
Идентификатор авторитетной/нормативной записи RU\NLR\AUTH\66964829
686 1# - ИНДЕКСЫ ДРУГИХ КЛАССИФИКАЦИЙ
Индекс Ш147.11-93рус32
700 #1 - ИМЯ ЛИЦА - ПЕРВИЧНАЯ ОТВЕТСТВЕННОСТЬ
Начальный элемент ввода Шарапова
Часть имени, кроме начального элемента ввода Т. Н.
Дополнения к именам, кроме дат канд. филол. наук
Расширение инициалов личного имени Татьяна Николаевна
Идентификатор авторитетной/нормативной записи RU\NLR\AUTH\770186822
701 #1 - ИМЯ ЛИЦА - АЛЬТЕРНАТИВНАЯ ОТВЕТСТВЕННОСТЬ
Начальный элемент ввода Соколова
Часть имени, кроме начального элемента ввода Т. В.
Дополнения к именам, кроме дат канд. филол. наук, нем. и фр. яз.
Расширение инициалов личного имени Татьяна Владимировна
Идентификатор авторитетной/нормативной записи RU\NLR\AUTH\77118873
790 #1 - ИМЯ ЛИЦА - АЛЬТЕРНАТИВНАЯ ФОРМА
Связь между полями z73
Начальный элемент ввода Šarapova
Часть имени, кроме начального элемента ввода T. N.
Дополнения к именам, кроме дат канд. филол. наук
Расширение инициалов личного имени Tat'jana Nikolaevna
Идентификатор авторитетной/нормативной записи RU\NLR\AUTH\770186830
790 #1 - ИМЯ ЛИЦА - АЛЬТЕРНАТИВНАЯ ФОРМА
Связь между полями z73
-- z73510
Начальный элемент ввода Sokolova
Часть имени, кроме начального элемента ввода T. V.
Дополнения к именам, кроме дат канд. филол. наук, нем. и фр. яз.
Расширение инициалов личного имени Tat'jana Vladimirovna
Идентификатор авторитетной/нормативной записи RU\NLR\AUTH\770194859
942 ## - ДОПОЛНИТЕЛЬНЫЕ ЭЛЕМЕНТЫ ЗАПИСИ (АБИС)
Тип экземпляра АБИС Книга
980 ## - КОЛЛЕКЦИЯ
Название коллекции НБР
980 ## - КОЛЛЕКЦИЯ
Название коллекции Национальная библиография

Нет доступных экземпляров.